| 000 | 00000nam##2200000za#4500 |
| 001 | 9.618565 |
| 003 | CaOODSP |
| 005 | 20210615102916 |
| 007 | ta |
| 008 | 150406|2007||||xxc||||| f|0| 0 eng|d |
| 022 | |a0706-6457 |
| 040 | |aCaOODSP|beng |
| 043 | |an-cn--- |
| 086 | 1 |aFs97-6/2699E |
| 110 | 1 |aCanada. |bDepartment of Fisheries and Oceans. |
| 245 | 10|aDevelopment of a web mapping tool and distribution maps for Ontario fishes with emphasis on species at risk / |cby A. Doolittle ... [et al]. |
| 260 | |aBurlington - Ontario : |bFisheries and Oceans Canada |c2007. |
| 300 | |aix, 45p. : |bcoloured illus., coloured maps, fig., graphs, references, tables, photographs ; |c28 cm. |
| 490 | 1 |aCanadian technical report of fisheries and aquatic sciences|x0706-6457|v2699 |
| 500 | |a"Great Lakes Laboratory for Fisheries and Aquatic Sciences, Fisheries and Oceans Canada, Bayfield Institute, PO Box 5050, 867 Lakeshore Road, Burlington, Ontario L7R 4A6". |
| 520 | 3 |aThis report is part of a series containing scientific and technical information that widens existing scientific knowledge but is not considered appropriate for publication in the primary literature. The research covers such subjects as ecosystem models, methods for enhancing aquaculture, commercial fishing equipment, and environmental threats to aquatic quality and fisheries resources. Includes tables, graphs, and charts. |
| 546 | |a(Résumé en français.) |
| 563 | |aSpiral binding |
| 590 | |a07-48|b2007-11-30 |
| 690 | 07|aEndangered species|2gcpds |
| 690 | 07|aFish|2gcpds |
| 690 | 07|aMapping data|2gcpds |
| 690 | 07|aMaps|2gcpds |
| 720 | 1 |aDoolittle, A |
| 776 | 0#|tDevelopment of a web mapping tool and distribution maps for Ontario fishes with emphasis on species at risk / |w(CaOODSP)9.574235 |
| 830 | #0|aCanadian technical report of fisheries and aquatic sciences,|x0706-6457|v2699|w(CaOODSP)9.514691 |